| 000 | 00718nam a2200229 a 4500 | ||
|---|---|---|---|
| 001 | BRL_269 | ||
| 005 | 20190320210649.0 | ||
| 008 | 170713s1965----mx-#######---#000-0dspa-# | ||
| 041 | _aspa | ||
| 044 | _amx | ||
| 050 | 4 |
_aPQ7297.C82 _b.J67 1965 |
|
| 245 | 1 | 0 |
_aJose T. de Cuéllar _bpáginas escogidas _cselección y prólogo de Ermilo Abreu Gómez. |
| 260 |
_aMéxico _bEdiciones Oasis _c1965 |
||
| 300 |
_a122 p. _c17 cm. |
||
| 440 | 0 |
_aColección Literaria Servet _pEl mundo moderno _v20 _923415 |
|
| 500 | _aAu2307 | ||
| 600 | 1 | 4 |
_aCuéllar, Jose Tomás de _d1830-1894 _923416 |
| 650 | 1 | 4 |
_aLiteratura _ySiglo XIX _923417 |
| 700 | 1 |
_aAbreu Gómez, Ermilo _d1894-1971 _eprol. _923418 |
|
| 902 | _aGRL | ||
| 942 |
_2lcc _cB |
||
| 999 |
_c9082 _d9082 |
||